|
|
|
|
| LEADER |
00000csc a2200000 a 4500 |
| 001 |
71198 |
| 005 |
20230308212828.0 |
| 008 |
997060|1959 ||||||||r|||||||||||spa|| |
| 040 |
|
|
|b spa
|
| 041 |
1 |
|
|a spa
|
| 082 |
0 |
|
|a 720.1
|
| 100 |
1 |
|
|a Corbusier, Le
|9 291177
|
| 245 |
|
|
|a Mensaje a los estudiantes de arquitectura
|c Le Corbusier
|h imp
|
| 264 |
|
|
|a Buenos Aires
|b Ediciones Infinito
|c 1959
|
| 300 |
|
|
|a 60 páginas:
|b ilu
|c 20 cm
|
| 490 |
|
|
|a Biblioteca de Arquitectura
|n no. 6
|
| 504 |
|
|
|a incl. ref.
|
| 650 |
|
|
|a Arquitectura
|
| 852 |
|
|
|a UC-CDJBV
|c ESTANTERIA CERRADA
|f Compra
|k zulay.encalada
|l 1
|m General
|p 19970604
|q 3.00
|r 2
|t 71198
|y 259222
|b 0
|d CDRC
|e CDRC
|g 720.1 ESTANTERIA CERRADA
|z 1997-70-60
|
| 942 |
|
|
|
| 999 |
|
|
|c 123406
|d 123406
|